Smallest Countries Of The World - Sudden Death - Statistics

General Stats
  • This quiz has been taken 32 times
  • The average score is 3 of 10
Answers on the Grid
Answers color-coded by a green-red scale on the quiz's grid according to % correct below.
 
Answer Stats
Answer % Correct
65%
50%
35%
35%
30%
30%
30%
25%
10%
10%
No matching quizzes found
Score Distribution
Percent of People with Each Score
Percentile by Number Answered
Your Score History
You have not taken this quiz